|
|
|
|
| LEADER |
01186nam a2200301 i 4500 |
| 001 |
28501 |
| 003 |
BD-DhAAL |
| 005 |
20141025143722.0 |
| 008 |
141025s2012 ii a b 001 0 eng |
| 010 |
|
|
|a 2013332059
|
| 020 |
|
|
|a 9789380601632 (pbk.)
|
| 020 |
|
|
|a 9380601638 (pbk.)
|
| 025 |
|
|
|a I-E-2013-332059; 06-91
|
| 040 |
|
|
|a DLC
|c DLC
|e rda
|d DLC
|d BD-DhAAL
|
| 050 |
0 |
0 |
|a BL1239.5.A82
|b O42 2012
|
| 082 |
|
|
|2 23
|a 294.5447
|
| 100 |
1 |
|
|a Olivelle, Patrick,
|e author.
|9 5855
|
| 245 |
1 |
0 |
|a Ascetics and Brahmins :
|b studies in Ideologies and Institutions /
|c Patrick Olivelle.
|
| 260 |
|
|
|a London ;
|a Delhi :
|b Anthem Press,
|c 2012
|
| 300 |
|
|
|a 328 p. :
|b ill. ;
|c 22 cm.
|
| 490 |
0 |
|
|a Cultural, Historical and Textual Studies of Religions
|
| 504 |
|
|
|a Includes bibliographical references (p. 307-318) and index.
|
| 546 |
|
|
|a Includes verses in Sanskrit (Sanskrit in Latin).
|
| 650 |
|
0 |
|a Asceticism
|x Hinduism.
|9 5856
|
| 650 |
|
0 |
|a Brahmans
|x Religious life.
|9 5857
|
| 942 |
|
|
|2 ddc
|c BK
|
| 999 |
|
|
|c 32989
|d 32989
|
| 952 |
|
|
|0 0
|1 0
|2 ddc
|4 0
|6 294_544700000000000_OLI
|7 0
|9 43941
|a BRACUL
|b BRACUL
|c GEN
|d 2014-10-25
|e Riza Enterprises
|g 1042.00
|l 0
|o 294.5447 OLI
|p 3010028501
|r 2014-10-25
|t 1
|w 2014-10-25
|y BK
|